| 000 | 00424cam a2200157ua 4500 | ||
|---|---|---|---|
| 020 | _a0-408-10737-5 | ||
| 041 |
_aeng _h |
||
| 082 |
_a551.6 _bHOB/AP |
||
| 100 | _aHobbs, John E . | ||
| 245 |
_aApplied climatology: A Study of atmospheric resources / _cJohn E Hobbs. _hTextual Documents |
||
| 260 |
_aLondon : _bButterworth Scientific , _c1980. |
||
| 300 | _a218 ; . | ||
| 504 | _a | ||
| 942 | _cBK | ||
| 999 |
_c10712 _d10712 |
||